MARC

LEADER 00000nam0a2200000 4500
001 289661
005 20231102000217.0
035 |a (RuTPU)RU\TPU\book\314172 
090 |a 289661 
100 |a 20150402d1967 k y0rusy50 ca 
101 1 |a rus  |c eng 
102 |a RU 
105 |a a z 001zy 
200 1 |a Биоэнергетические механизмы  |e пер. с англ.  |f Э. Рэкер 
210 |a Москва  |c Мир  |d 1967 
215 |a 292 с.  |c ил. 
320 |a Библиогр.: с. 277-289. 
606 1 |a Биохимия  |2 stltpush  |3 (RuTPU)RU\TPU\subj\68098  |9 83635 
610 1 |a растворимые системы 
610 1 |a аденозинтрифосфат 
610 1 |a образование 
610 1 |a фосфорилирование 
610 1 |a митохондрии 
610 1 |a парциальные реакции 
610 1 |a полиферментные системы 
675 |a 577.1  |v 3 
700 1 |a Рэкер  |b Э. 
801 1 |a RU  |b 63413507  |c 20150402 
801 2 |a RU  |b 63413507  |c 20170602  |g RCR 
942 |c BK